00517 2200205 4500001002100000005001500021008004100036020001800077035002500095041000800120082001000128090001000138100002300148245003400171250001600205260004000221300003000261500000700291650001300298INLIS00000000001870820130516045401 ind  a979-610-106-8 a0010-051300000018708 aind a153.9 a153.9 aRobert, Brainfield aPsikotes dalam Bahasa Inggris aCetakan : 1 aYogjakartabPustaka Widyatamac2006 a68 hlm. : ilus. ;19.5 cm. a68 aPsikotes